| 000 | 01056cam a2200301 a 4500 | ||
|---|---|---|---|
| 001 | 17078658 | ||
| 003 | ARRUPE | ||
| 005 | 20220330095747.0 | ||
| 008 | 111003s2011 enkabcf b 001 0 eng | ||
| 010 | _a 2011507737 | ||
| 020 | _a9780857203878 ( pbk.) | ||
| 040 |
_aDLC _cDLC |
||
| 042 | _apcc | ||
| 043 | _af------ | ||
| 050 | 0 | 0 |
_aDT30 _b.M465 2011 |
| 082 | 0 | 4 |
_a960.32 _222 |
| 100 | 1 |
_aMeredith, Martin. _926407 |
|
| 245 | 1 | 4 |
_aThe state of Africa : _ba history of fifty years of independence / _cMartin Meredith. |
| 260 |
_aLondon : _bSimon & Schuster, _c2011. |
||
| 300 |
_avi, 770 p., [24] p. of plates : _bill., maps, ports. ; _c24 cm. |
||
| 504 | _aIncludes bibliographical references (p. [723]-751) and index. | ||
| 651 | 0 |
_aAfrica _xHistory _y20th century. _931507 |
|
| 651 | 0 |
_aAfrica _xPolitics and government _y1945-1960. _931761 |
|
| 651 | 0 |
_aAfrica _xPolitics and government _y1960- |
|
| 906 |
_a7 _bcbc _corigres _d2 _encip _f20 _gy-gencatlg |
||
| 942 |
_2lcc _cMONOGRAPH |
||
| 999 |
_c131165 _d131165 |
||